Culture générale par forme géometrique. - Statistiques

Statistiques générales
  • Ce quiz a été pris 812 fois
  • Le résultat moyen est 11 sur 15
Statistiques - réponses
Questions Réponses % Correct
Le théorème de Pythagore ne peut être utilisé que sur les triangles ... Rectangles
98%
Forme de la table des chevaliers du Roi Arthur. Ronde
98%
Nom des célèbres monuments que l'on trouve en Égypte. Pyramide
94%
Il peut être "VIP" dans certains salons ou boite de nuit par exemple. Carré
93%
Objet plat pouvant être lancé en Athlétisme. Disque
87%
"Celui des Bermudes" est très célèbre. Le Triangle
87%
Forme du bureau officiel qu'occupe le président des États-Unis. Ovale
81%
Ernő Rubik en a inventé un devenu très célèbre en 1972. Cube
78%
Elle se trouve sur le bouton en bas à droite d'une manette de Playstation. Croix
76%
Édifice qui abrite le quartier général du département de la Défense, aux États-Unis. Le Pentagone
70%
Parallélogramme ayant au moins deux côtés consécutifs de même longueur. Losange
65%
Peut être "de chantier" ou "glacé" par exemple. Cône
49%
Solide engendré par une droite mobile tournant autour d'un axe auquel elle est parallèle. Cylindre
43%
Film d'horreur sortie en 2002, dans lequel une voix vous dit que vous allez mourir dans 7 jours si vous regardez une certaine cassette vidéo. Le cercle
43%
Peut aussi être utilisé en gymnastique. Trapèze
32%
Aucun quiz correspondant
Distribution des résultats
% des personnes avec chaque résultat
Percentile par nombre de réponses
Votre historique - résultats
Vous n’avez pas pris ce quiz